Microeconomics (Record no. 3718)

000 -LEADER
fixed length control field 00402 a2200157 4500
020 ## - INTERNATIONAL STANDARD BOOK NUMBER
International Standard Book Number 9788120337152
022 ## - INTERNATIONAL STANDARD SERIAL NUMBER
International Standard Serial Number 9788120337152
082 ## - DEWEY DECIMAL CLASSIFICATION NUMBER
Classification number 338.5
090 ## - LOCALLY ASSIGNED LC-TYPE CALL NUMBER (OCLC); LOCAL CALL NUMBER (RLIN)
-- 3197
-- 3197
100 ## - MAIN ENTRY--PERSONAL NAME
Personal name chauhan,S.P.S.
245 ## - TITLE STATEMENT
Title Microeconomics
Remainder of title Theory and Applications(part-II)
Statement of responsibility, etc. S.P.S.Chauhan
260 ## - PUBLICATION, DISTRIBUTION, ETC.
Place of publication, distribution, etc. New Delhi
Name of publisher, distributor, etc. PHI Learning
Date of publication, distribution, etc. 2009
300 ## - PHYSICAL DESCRIPTION
Extent 284p
500 ## - GENERAL NOTE
General note Paper cover
942 ## - ADDED ENTRY ELEMENTS (KOHA)
Koha item type Book
Call number prefix 338.5 CHA
Holdings
Withdrawn status Lost status Source of classification or shelving scheme Damaged status Not for loan Collection code Permanent Location Current Location Shelving location Date acquired Full call number Barcode Date last seen Price effective from Koha item type
            NUST Law School (NLS) NUST Law School (NLS) General Stacks 11/28/2016 338.5 CHA S3H-N-1152 11/28/2016 11/28/2016 Book
© 2023 Central Library, National University of Sciences and Technology. All Rights Reserved.